Contabilidad: análisis contable de la realidad económica
Gardado en:
| Autor Principal: | |
|---|---|
| Formato: | Libro |
| Idioma: | Lingua castelá |
| Publicado: |
Madrid
Pirámide
1990
|
| Edición: | 5a. ed |
| Subjects: | |
| Tags: |
Engadir etiqueta
Sen Etiquetas, Sexa o primeiro en etiquetar este rexistro!
|
MARC
| LEADER | 00000cam a2200000 a 4500 | ||
|---|---|---|---|
| 001 | UCE4952 | ||
| 003 | CL-VaPUC | ||
| 008 | 141120e19900900sp |||||||||||||||||spa|d | ||
| 020 | |a 843680385X | ||
| 082 | 0 | 4 | |a 657.1 |b CAÑ |2 21 |
| 100 | 0 | |a Cañibano Calvo, Leandro |e author |9 577427 | |
| 245 | 1 | 0 | |a Contabilidad: análisis contable de la realidad económica |
| 250 | |a 5a. ed | ||
| 300 | |a 687 p | ||
| 942 | |c BK | ||
| 945 | |d 20141120 11:52:00 |a arojas | ||
| 260 | |a Madrid |b Pirámide |c 1990 | ||
| 650 | 0 | |a Contabilidad |9 261430 | |
| 650 | 0 | |a Análisis contable |9 430251 | |
| 650 | 0 | |a Estados contables |9 402448 | |
| 650 | 0 | |a Finanzas |9 260832 | |
| 650 | 0 | |a Empresas |9 255569 | |
| 583 | |a last modification |c 20141120 11:52:00 |k Rodrigo Vera | ||
| 999 | |c 357807 |d 357805 | ||
| 952 | |0 0 |1 0 |3 erb |4 0 |6 657_100000000000000_CAÑ_1990 |7 0 |8 A |9 465899 |a BIBGIM |b BIBGIM |i 2714833 |o 657.1 CAÑ 1990 |p 2714833 |r 2025-01-15 |w 2019-11-23 |y BK |z Catalogado en:20141120 |k COM | ||